Loreto College Library, Kolkata
WEBOPAC (ONLINE PUBLIC ACCESS CATALOGUE)

Population, gender and reproductive health (Record no. 37384)

MARC details
000 -LEADER
fixed length control field 00712nam a2200229Ia 4500
005 - DATE AND TIME OF LATEST TRANSACTION
control field 20220705152006.0
008 - FIXED-LENGTH DATA ELEMENTS--GENERAL INFORMATION
fixed length control field 140110s9999 xx 000 0 und d
020 ## - ISBN | অাই এস বি এন
ISBN | অাই এস বি এন 9788131603949
PRICE Rs.925.00
040 ## - CATALOGING SOURCE
Original cataloging agency Loreto College
041 ## - LANGUAGE CODE
Language code English
082 ## - DDC | ডিউই
Classification number | বর্গসংখ্যা 304.6
Book Number | গ্রন্থাঙ্ক RAM
245 ## - TITLE STATEMENT | অাখ্যা বিবরণী
Title | অাখ্যা Population, gender and reproductive health
Statement of responsibility | লেখকের দায়িত্বের বিবরণ Editors F Ram, Sayeed Unisa, T.V. Sekher
260 ## - IMPRINT | প্রকাশনা ক্ষেত্র
Place of publication | প্রকাশ স্থান Jaipur
Name of publisher | প্রকাশকের নাম Rawat Publications
Date of publication | প্রকাশ কাল 2011
300 ## - PHYSICAL DESCRIPTION |
Page / Vol. No | পৃষ্ঠা / খন্ড সংখ্যা 416p
Other physical details | অনান্য বাহ্যিক বিবরণ tables
504 ## - BIBLIOGRAPHY, ETC. NOTE
Bibliography, etc Published in collaboration with International Institute for Population Sciences, Mumbai
630 ## - SUBJECT ADDED ENTRY--UNIFORM TITLE
Uniform title Gender Studies
650 ## - SUBJECT ADDED ENTRY--TOPICAL TERM | বিষয় শিরোনাম - মূল বিষয়
Topical term | মূল বিষয় Health-Reproductive
651 ## - SUBJECT ADDED ENTRY--GEOGRAPHIC NAME | বিষয় শিরোনাম - ভৌগলিক নাম
Geographic name | ভৌগলিক বিষয় Population Studies
700 ## - ADDED ENTRY--PERSONAL NAME | অতিরিক্ত সংলেখ - ব্
Personal name | ব্যাক্তিনাম Ram, F,ed
850 ## - HOLDING INSTITUTION
Holding institution LCLIB
942 ## - ADDED ENTRY ELEMENTS (KOHA)
Koha item type Books
Holdings
Withdrawn status Lost status Source of classification Damaged status Not for loan Home library Current library Date acquired Total Checkouts Full call number Accession No. Date last seen Price effective from Koha item type Coded location qualifier
    Dewey Decimal Classification     Loreto College Loreto College 04/11/2013   304.6 RAM 48678 B40573 04/11/2013 04/11/2013 Books